Southville International School and Colleges
Your cart is empty.
  • Cart
  • Lists
    Public lists Eva Luna New books Lux_list list_1
    Your lists Log in to create your own lists
  • Log in to your account
  • Your cookies
  • Search history
Southville International School and Colleges
  • Advanced search
  • Recent comments
  • Most popular
  • Libraries

Log in to your account

Log in with GOOGLE


If you do not have an external account, but do have a local account, you can still log in:

  1. Home
  2. MARC view: This totally bites! /
Normal view MARC view ISBD view

This totally bites! / (Record no. 34345)

[ view plain ]
MARC details
000 -LEADER
fixed length control field 00837cam a2200313 a 4500
001 - CONTROL NUMBER
control field 16737733
003 - CONTROL NUMBER IDENTIFIER
control field OSt
005 - DATE AND TIME OF LATEST TRANSACTION
control field 20140310184430.0
008 - FIXED-LENGTH DATA ELEMENTS--GENERAL INFORMATION
fixed length control field 110415s2010 nyu j 000 1 eng
010 ## - LIBRARY OF CONGRESS CONTROL NUMBER
LC control number 2011411040
020 ## - INTERNATIONAL STANDARD BOOK NUMBER
International Standard Book Number 9780545258401
040 ## - CATALOGING SOURCE
Original cataloging agency DLC
Transcribing agency DLC
042 ## - AUTHENTICATION CODE
Authentication code lcac
-- pcc
050 ## - LIBRARY OF CONGRESS CALL NUMBER
Classification number PZ 7
Item number .Am513To 2010
100 1# - MAIN ENTRY--PERSONAL NAME
Personal name Ames, Ruth.
9 (RLIN) 26408
245 10 - TITLE STATEMENT
Title This totally bites! /
Statement of responsibility, etc Ruth Ames.
260 ## - PUBLICATION, DISTRIBUTION, ETC. (IMPRINT)
Place of publication, distribution, etc New York :
Name of publisher, distributor, etc Scholastic,
Date of publication, distribution, etc 2010.
300 ## - PHYSICAL DESCRIPTION
Extent 184 p. ;
Dimensions 20 cm.
521 ## - TARGET AUDIENCE NOTE
Target audience note
526 ## - STUDY PROGRAM INFORMATION NOTE
Reading level 740
562 ## - COPY AND VERSION IDENTIFICATION NOTE
Number of copies For circulation two copies in the collection
650 ## - SUBJECT ADDED ENTRY--TOPICAL TERM
Topical term or geographic name as entry element Fiction
General subdivision Juvenile
9 (RLIN) 30048
906 ## - LOCAL DATA ELEMENT F, LDF (RLIN)
a 0
b ibc
c orignew
d 2
e ncip
f 20
g y-gencatlg
942 ## - ADDED ENTRY ELEMENTS (KOHA)
Source of classification or shelving scheme Library of Congress Classification
Koha item type
Holdings
Withdrawn status Lost status Source of classification or shelving scheme Damaged status Home library Current library Shelving location Date acquired Total Checkouts Full call number Barcode Date last seen Copy number Price effective from Koha item type Total Renewals Date checked out
    Library of Congress Classification   Luxembourg Library Luxembourg Library Scholastic Reading Center Section 10/09/2013   PZ 7 .Am513To 2010 LEX1399 04/18/2017 1 10/09/2013 Books    
    Library of Congress Classification   Luxembourg Library Luxembourg Library Scholastic Reading Center Section 10/09/2013   PZ 7 .Am513To 2010 LEX1400 04/18/2017 2 10/09/2013 Books    
    Library of Congress Classification   Luxembourg Library Luxembourg Library Scholastic Reading Center Section 11/11/2013 1 PZ 7 .Am513To 2010 SCHO0394 04/18/2017 3 11/11/2013 Books 1 12/10/2015

This totally bites! /

APA

Ames R., . (2010). This totally bites!. New York: Scholastic.

Chicago

Ames Ruth, . 2010. This totally bites!. New York: Scholastic.

Harvard

Ames R., . (2010). This totally bites!. New York: Scholastic.

MLA

Ames Ruth, . This totally bites!. New York: Scholastic. 2010.

  • Place hold
  • Print
  • Cite
  • Add to your cart (remove)
  • Save record
    BIBTEX Dublin Core MARCXML MARC (non-Unicode/MARC-8) MARC (Unicode/UTF-8) MARC (Unicode/UTF-8, Standard) MODS (XML) RIS
  • More searches
    Search for this title in:
    Other Libraries (WorldCat) Other Databases (Google Scholar) Online Stores (Bookfinder.com) Open Library (openlibrary.org)

Exporting to Dublin Core...

SOUTHVILLE LIBRARY

Southville International School and Colleges Library

1281 Tropical Ave. Cor. Luxembourg St., BF Homes International, Las Pinas City

Tel. No. 8256374 / 252358 Loc. 117/146

Powered by Koha